000 02642nam a22003497a 4500
003 CHAP
005 20240521111145.0
007 ta
008 221116s2022 |||ad||fs||||a001 0 spa d
040 _amxchpua
090 _aT.C.876
_bF56 IAI
_c2022
245 1 0 _aReporte de la fase virtual de campo :
_bla Interrelación Agricultura-Industria en la región del Bajío en los sistemas lácteos, hortalizas y cárnicos /
_ccoordinadores Emmanuel Flores Girón y Juan Pérez Barrón ; colaboradores Danna Paola Jaimes Mejía...[y otros]
260 _aChapingo, México :
_bEl autor,
_c2022
300 _a1 recurso en línea (vii, 290 hojas) :
_bilustraciones, gráficas
336 _2rdacontent
_atexto
_btxt
337 _2rda media
_acomputadora
_bc
338 _2rdacarrier
_arecurso en línea
_bcr
500 _aGrado : 5° año Grupo : 04 Directorio : hojas 284-286
502 _aViaje de Estudios
_b(IAI) --
_cUACh. Departamento de Ingeniería Agroindustrial,
_d2022
504 _aBibliografía : hojas 287-290
505 0 _t1. C. Patricio Hernández Noriega -- 2. Quesos Chaurand (Celaya, Gto) -- 3. Consejo Mexicano de la Carne (CoMeCarne) -- 4. Quesos Rancho San Josemaria -- 5. Consejo de Desarrollo Agropecuario y Agroindustrial de Jalisco CDAAJ -- 6. Terbium Industrial -- 7. Hortalizas León Negrete S.P.R. de R.L. -- 8. Ing. Ismael Zamorano Ramírez -- 9. Ing. José Antonio Martínez Olguin -- 10. Cajeta la Tradicional de Salgado -- 11. Secretaria de Desarrollo Agroalimentario y Rural Guanajuato SDAyR -- 12. Rancho Avícola El Platanito -- 13. Famo Alimentos -- 14. Cajeta Artesanal La Estación -- 15. Sr. Armando Hernández Mendoza -- 16. Veggie Prime -- 17. Empacadora Dilusa de Aguascalientes, S.A. de C.V. -- 18. Pradales, Queso de Oveja Gourmet -- 19. Rancho La Hondonada -- 20. Comité Estatal de Sanidad Vegetal de Guanajuato -- 21. Finca Don Lencho Querétaro -- 22. Exportadora de Hortalizas S.A de C. V -- 23. Hortícola Cimarrón -- 24. Rancho El Potrero Grande
_aVisitas : --
650 1 3 _957819
_aIndustria lechera
_zMéxico
650 1 3 _9147937
_aIndustria del ganado y de la carne
_zMéxico
650 1 3 _9162474
_aIndustria de las hortalizas
_zMéxico
650 1 3 _9147068
_aDairy industry
_zMexico
650 1 3 _9147938
_aLivestock and meat industry
_zMexico
650 1 3 _9162475
_aVegetable industry
_zMexico
700 1 _9161718
_aFlores Girón, Emmanuel
_ecoordinador
700 1 _9148338
_aPérez Barrón, Juan
_ecoordinador
700 1 _9185670
_aJaimes Mejía, Danna Paola
_ecolaboradora
856 4 0 _uhttp://10.13.5.2/ve/T_C_876_IAI/T_C_876_IAI_2022-REPORTE_pdf
_yDESCARGAR REPORTE
999 _c217807
_d217807